MARC

LEADER 00000nam0a2200000 4500
001 349378
005 20231102010209.0
035 |a (RuTPU)RU\TPU\retro\1522 
035 |a RU\TPU\book\42757 
090 |a 349378 
100 |a 20180507d1951 m y0rusy50 ca 
101 0 |a rus 
102 |a RU 
105 |a a j 001zy 
200 1 |a Прикладная газовая динамика  |e учебник  |f Г. Н. Абрамович 
210 |a Москва  |a Ленинград  |c Гостехиздат  |d 1951 
215 |a 511 с.  |c ил. 
320 |a Предметный указатель: с. 508-511 
606 1 |a Газовая динамика, прикладная  |x (физика)  |2 stltpush  |3 (RuTPU)RU\TPU\subj\4566  |9 32820 
610 1 |a уравнения 
610 1 |a газовые потоки 
610 1 |a торможение 
610 1 |a ускорение 
610 1 |a газовые струи 
610 1 |a теория крыла 
610 1 |a решетки 
610 1 |a осевые компрессоры 
610 1 |a турбины 
610 1 |a реактивная сила 
610 1 |a реактивные двигатели 
610 1 |a форсунки 
610 1 |a учебники 
675 |a 533.6(075.8)  |v 3 
700 1 |a Абрамович  |b Г. Н.  |g Генрих Наумович 
801 1 |a RU  |b 63413507  |c 20020626  |g PSBO 
801 2 |a RU  |b 63413507  |c 20180511  |g PSBO 
942 |c BK